000 00655nam a22002297a 4500
003 OSt
005 20140310182757.0
008 130207t xxu||||| |||| 00| 0 eng d
020 _a9710861476
050 _aBF 80.7
_b.Az991 2001
082 _aPsych-Fil 302
_b.Az1 2001
245 _aHuman behavior and society :
_ban introduction to social sciences /
_cAzanza, Patrick Alain
260 _aMandaluyong City
_bNational Book Store
_c2001
300 _avi, 212 p.
_c23 cm.
521 _acollege students
526 _c1210L-1700L
541 _j1
541 _j2
541 _j3
562 _e3
942 _2lcc
_cBK-FIL
_kPSYCH-FIL
999 _c15879
_d15879